Cyber adhunikatha: (Record no. 181730)

000 -LEADER
fixed length control field 00493nam a22001817a 4500
020 ## - INTERNATIONAL STANDARD BOOK NUMBER
ISBN 9789393969835
082 ## - DEWEY DECIMAL CLASSIFICATION NUMBER
Classification number M400 7
Item number JOS/K
245 ## - TITLE STATEMENT
Title Cyber adhunikatha:
Sub Title samvadam samskaram samlayanam/
Statement of responsibility, etc by Jose K Manuel (ed.)
250 ## - EDITION STATEMENT
Edition statement 3rd.
260 ## - PUBLICATION, DISTRIBUTION, ETC. (IMPRINT)
Place of publication Kozhikode:
Name of publisher Atma Books,
Year of publication 2025.
300 ## - PHYSICAL DESCRIPTION
Number of Pages 307p.
650 ## - SUBJECT ADDED ENTRY--TOPICAL TERM
Topical Term Essays Malayalam Study
650 ## - SUBJECT ADDED ENTRY--TOPICAL TERM
Topical Term Essays Cyber Culture
650 ## - SUBJECT ADDED ENTRY--TOPICAL TERM
Topical Term Literature Malayalam
650 ## - SUBJECT ADDED ENTRY--TOPICAL TERM
Topical Term Literature
700 ## - ADDED ENTRY--PERSONAL NAME
Personal name Jose K Manuel (ed.)
942 ## - ADDED ENTRY ELEMENTS (KOHA)
Koha item type Book
Holdings
Withdrawn status Lost status Damaged status Not for loan Permanent Location Current Location Shelving location Date acquired Cost, normal purchase price Full call number Accession Number Price effective from Koha item type
        Sree Sankaracharya University of Sanskrit Sree Sankaracharya University of Sanskrit Stacks 21.05.2026 610.00 M400 7 JOS/K 108904 21.05.2026 Book